Echelle de mots : de Pile à Face - Statistiques

Statistiques générales
  • Ce quiz a été pris 422 fois
  • Le résultat moyen est 12 sur 21
Statistiques - réponses
Indices Réponses % Correct
Batterie Pile
100%
Visage Face
95%
Ami Pote
83%
Extrémité Pole
78%
à pain ou à sel Pâte
73%
Blême Pale
64%
Étendue d'eau Mare
63%
Homme Mâle
61%
Unité de distance Mile
58%
Elle définit le pedigree Race
57%
Morceau Part
54%
Contre Pare
52%
En ligne Mire
48%
Bruit rauque Râle
48%
Sert à avancer Rame
45%
Rétribution Paie
43%
Quiétude Paix
42%
Manque Rate
42%
Regarder Mate
36%
Mange de l'herbe Paît
35%
Petit animal Mite
32%
Aucun quiz correspondant
Distribution des résultats
% des personnes avec chaque résultat
Percentile par nombre de réponses
Votre historique - résultats
Vous n’avez pas pris ce quiz